1877 1657 1459 1852 1761 1585 1616 1444 1232 1103 1136 1557 1253 1545 1825 1464 1640 1596 1206 1253 1934 1297 1507 1265 1140 1670 1154 1864 1138 1655 1649 1664 1239 1388 1708 1413 1478 1191 1452 1725 1825 1869 1622 1386 1141 1724 1159 1079 1648 1845 1107 1999 1968 1571 1646 1011 1690 1450 1613 1072 1877 1545 1185 1434 1091 1189 1536 1784 1377 1924 1651 1493 1816 1653 1778 1182 1522 1691 1351 1541 1404 1641 1918 1444 1780 1317 1303 1771 1752 1546 1148 1185 1456 1378 1000 1249 1649 1344 1314 BCNSPRNW ULIB Ver.6.0+V

เปลี่ยนเป็นภาษาไทย

Change to English
 แสดงรายละเอียดบรรณานุกรม
  กลับหน้าหลัก

Brief Record : Get Marc (ISO 2709) : E-mail record : QR code < ปิดหน้าต่าง
LEADER : 00000nam 2200000uu 4500
001    13399126499
003     ULIB
008    180926s2558||||th 000 0 tha d
020    ^a9789740334125
050    ^aLB1027 ^bช93
100    ^aโชติ จินตแสวง
245    ^a4 วิธีสอนแบบใหม่ : เพื่อความมีรสนิยมในการเรียนรู้ เป็นผู้มีปัญญา และมีอารยธรรม /^cโชติ จินตแสวง
246 3   ^aสี่วิธีสอนแบบใหม่ : เพื่อความมีรสนิยมในการเรียนรู้ เป็นผู้มีปัญญา และมีอารยธรรม
246 3   ^aเพื่อความมีรสนิยมในการเรียนรู้ เป็นผู้มีปัญญา และมีอารยธรรม
250    ^aพิมพ์ครั้งที่ 1
250    ^aพิมพ์ตรั้งที่ 1
260    ^aกรุงเทพฯ :^bสำนักพิมพ์แห่งจุฬาลงกรณ์มหาวิทยาลัย,^c2558
300    ^a465 หน้า :^bภาพประกอบ, ตาราง ;^c26 ซม.
505    ^aรสนิยมในการเรียนรู้--ผู้มีปัญญา--มีอารยธรรม--วิธีสอนแบบการเรียนด้วยสติ--วิธีสอนแบบการประชุมนานาชาติจำลอง--วิธีสอนแบบสรุปเป็นลำกลอน--ความรู้เรื่องกลอนแปด--หลักภาษาไทยเบื้องต้น.
505 0   ^aรสนิยมในการเรียนรู้ -- ผู้มีปัญญา -- มีอารยธรรม -- วิธีสอนแบบการเรียนด้วยสติ -- วิธีสอนแบบการประชุมนานาชาติจำลอง -- วิธีสอนแบบสรุปเป็นคำกลอน -- วิธีสอนแบบอธิบายขยายความจากคำกลอน -- การออกแบบหน่วยบูรณาการกิจกรรมการเรียนรู้ -- ความศรัทธาต่อพระพุทธศาสนา -- คิดวิเคราะห์ -- การจัดการงานดี -- ตัวอย่างการจัดการเรียนการสอน โดยใช้วิธี 4 วิธีสอนแบบใหม่
505 0   ^aรสนิยมในการเรียนรู้ -- ผู้มีปัญญา -- มีอารยธรรม -- วิธีสอนแบบการเรียนด้วยสติ -- วิธีสอนแบบการประชุมนานาชาติจำลอง -- วิธีสอนแบบสรุปเป็นคำกลอน ความรู้วเรื่องกลอนแปด หลักภาษาไทยเบื้องต้น -- วิธีสอนแบบอธิบายขยายความจากคำกลอน -- การออกแบบหน่วยบูรณาการกิจกรรมการเรียนรู้ สารระการเรียนรู้พระพุทธศาสนา โดยใช้พุทธปณิธาน 4 -- ความศรัทธาต่อพระพุทธศาสนา -- คิดวิเคราะห์ -- การจัดการงานดี -- ตัวอย่าง การจัดการสอนการเรียน โดยใช้ 4 วิธีสอนแบบใหม่ แผนการจัดการเรียนรู้โดยใช้วิธีสอนแบบการเรียนด้วยสติ บูรณาการกับวิธีสอนแบบอื่น ๆ
505 0   ^aเรื่องที่ 1 รสนิยมในการเรียนรู้ -- เรื่องที่ 2 ผู้มีปัญญา -- เรื่องที่ 3 มีอารยธรรม -- เรื่องที่ 4 วิธีสอนแบบการเรียนด้วยสติ -- เรื่องที่ 5 วิธีสอนแบบการประชุมนานาชาติจำลอง -- เรื่องที่ 6 วิธีสอนแบบสรุปเป็นคำกลอน -- เรื่องที่ 7 วิธีสอนแบบอธิบายขยายความจากคำกลอน -- เรื่องที่ 8 การออกแบบหน่วยบูรณาการกิจกรรมการเรียนรู้ สาระการเรียนรู้พระพุทธศาสนา โดยใช้พุทธปณิธาน 4 -- เรื่องที่ 9 ความศรัทธาต่อพระพุทธศาสนา -- เรื่องที่ 10 คิดวิเคราะห์ -- เรื่องที่ 11 การจัดการงานดี -- เรื่องที่ 12 ตัวอย่าง การจัดการสอนการเรียน โดยใช้ 4 วิธีสอนแบบใหม่
505 0   ^aสารบัญ : คำนิยม พระเทพวิสุทธิกวี (เกษม สญฺญโต ป.ธ. 9, Ph.D.) -- คำนิยม รองศาสตราจารย์ ดร.จำนง คันธิก (ป.ธ. 9, Ph.D.) -- คำนำ -- สารบัญ -- คำชี้แจงระบบวิธีการอ้างอิง -- เรื่องที่ 1 รสนิยมในการเรียนรู้ -- เรื่องที่ 2 ผู้มีปัญญา -- เรื่องที่ 3 มีอารยธรรม -- เรื่องที่ 4 วิธีสอนแบบการเรียนด้วยสติ -- เรื่องที่ 5 วิธีสอนแบบการประชุมนานาชาติจำลอง ฯ
505 0  ^a^tรสนิยมในการเรียนรู้ -- ^tผู้มีปัญญา -- ^tมีอารยธรรม -- ^tวิธีสอนแบบการเรียนด้วยสติ -- ^tวิธีสอนแบบการประชุมนานาชาติจำลอง -- ^tวิธีสอนแบบสรุปเป็นคำกลอน -- ^tวิธีสอนแบบอธิบายขยายความจากคำกลอน -- ^tการออกแบบหน่วยบูรณาการกิจกรรมการเรียนรู้ สาระการเรียนรู้พระพุทธศาสนา โดยใช้พุทธปณิธาน 4 -- ^tความศรัทธาต่อพระพุทธศาสนา -- ^tคิดวิเคราะห์ -- ^tการจัดการงานดี -- ^tตัวอย่าง การจัดการสอนการเรียน โดยใช้ 4 วิธีสอนแบบใหม่
505 2   ^aสารบัญ : รสนิยมในการเรียนรู้ -- ผู้มีปัญญา -- มีอารยธรรม -- วิธีสอนแบบการเรียนด้วยสติ -- วิธีสอนแบบการประชุมนานาชาติจำลอง -- วิธีสอนแบบสรุปเป็นคำกลอน -- วิธีสอนแบบอธิบายขยายความจากคำกลอน -- การออกแบบหน่วยบูรณาการกิจกรรมการเรียนรู้ สาระการเรียนรู้พระพุทธศาสนา โดยใช้พุทธปณิธาน 4 -- ความศรัทธาต่อพระพุทธศาสนา -- คิดวิเคราะห์ -- การจัดการงานดี -- ตัวอย่าง การจัดการสอนการเรียน โดยใช้ 4 วิธีสอนแบบใหม่
505 2   ^aรสนิยมในการเรียนรู้ -- ผู้มีปัญญา -- มีอารยธรรม -- วิธีสอนแบบการเรียนด้วยสติ -- วิธีสอนแบบการประชุมนานาชาติจำลอง --วิธีสอนแบบสรุปเป็นคำกลอน -- วิธีสอนแบบอธิบายขยายความจากคำกลอน --การออกแบบหน่วยบูรณาการกิจกรรมการเรียนรู้ สาระการเรียนรู้พระพุทธศาสนาโดยใช้พุทธปณิธาน 4 -- ความศรัทธาต่อพระพุทธศาสนา -- คิดวิเคราะห์ --การจัดการงานดี -- ตัวอย่าง การจัดการสอนการเรียน โดยใช้ 4วิธีสอนแบบใหม่.
650    ^aการเรียนรู้
650    ^aการสอน^xการบุรณาการ
650    ^aการเรียนการสอนแบบบูรณาการ.
650    ^aการสอน^xการบูรณาการ
650    ^aการสอน.
658    ^aหลักสูตรครุศาสตรบัณฑิต
945    ^p460^l0^i26693
945    ^p460^l0^i26694
999    ^aกัณชพร จุลอักษร
รายการนี้ยังไม่มีแท็ก
คุณยังไม่ได้ล็อกอิน คุณสามารถมีกิจกรรมร่วมกับเว็บไซต์ได้ แต่ต้องล็อกอินก่อน ::
  ล็อกอิน

รายการสื่อสารสนเทศ

ลำดับที่ ประเภท เลขเรียก/บาร์โค้ด สถานที่ สถานะ
1. หนังสือสำรอง
หนังสือสำรอง
LB1027 ช93 ฉ.1 
  Barcode: 26693
ห้องสมุดวิทยาเขตนครสวรรค์
►หนังสือทั่วไป:l:General Books
บนชั้น
2. วิทยาศาสตร์การแพทย์ และสุขภาพ
วิทยาศาสตร์การแพทย์ และสุขภาพ
LB1027 ช93 ฉ.2 
  Barcode: 26694
ห้องสมุดวิทยาเขตนครสวรรค์
►หนังสือทั่วไป:l:General Books
บนชั้น

รายการใกล้เคียง
    ผู้แต่ง [โชติ จินตแสวง]

    หัวเรื่อง [การเรียนรู้]
    หัวเรื่อง [การเรียนการสอนแบบบูรณาการ.]
    หัวเรื่อง [การสอน.]

BibComment


ยังไม่เคยถูกคอมเมนท์

คอมเมนท์ทรัพยากรรายการนี้
  คอมเมนท์: 4 วิธีสอนแบบใหม่..


 Copyright 2026. Bcnsprnw @Library